Zaujímavý obal - záruka úspechu

Bibliographic Details
Main Author: Vopálenský, Ján (Author)
Format: Article
Language:Slovak

MARC

LEADER 00000nab a2200000uu 4500
001 vtls010906510
003 SK-MaSNL
005 20260303131410.0
008 230218|2003 xo |||||||||||||||||slo|
015 |a SNBRB 
035 |a (urnnbn)urn:nbn:sk:snk:ar-a07w2v 
035 |a (uuid)c5772d46-e6f7-4222-8c86-6cff4a3ea235 
035 |a urn:nbn:sk:snk-ab8wub 
040 |a SNKBUCL  |b slo  |c SNKBUCL  |e AACR2 
041 0 |a slo 
044 |a xo  |c SK 
100 1 |a Vopálenský, Ján  |4 aut  |9 6719 
245 1 0 |a Zaujímavý obal - záruka úspechu  |c Ján Vopálenský 
773 0 |t Eurobiznis : mesačník o ekonomike a podnikaní  |g Roč. 3, č. 1-2 (2003), s. 34-[35] 
954 |a odborná, vedecká literatúra pôvodná (slovenská)  |2 lita 
958 |a OND 
958 |a EUIPO 
958 |a article10 
999 |c 1945021  |d 1946951